[Event "RSA-ch U08"]
[Site "Bloemfontein"]
[Date "2016.03.25"]
[Round "10"]
[White "Geyser, Jacobus Marthinus"]
[Black "Coetsee, Dewald"]
[Result "1-0"]
[WhiteElo "688"]
[BlackElo "679"]
[PlyCount "53"]
[EventDate "2016.03.20"]
[EventType "swiss"]
[EventRounds "11"]
[EventCountry "RSA"]
[SourceTitle "CBM 171 Extra"]
[Source "ChessBase"]
[SourceDate "2016.04.26"]
[SourceVersion "1"]
[SourceVersionDate "2016.04.26"]
[SourceQuality "1"]

1. e4 e5 2. Nf3 Nc6 3. Bc4 Bc5 4. c3 Nf6 5. d4 exd4 6. cxd4 Bb4+ 7. Bd2 Bxd2+ 8. Nbxd2 0-0 9. e5 Re8 10. 0-0 Ng4 11. h3 Nh6 12. d5 Nb4 13. a3 Na6 14. Re1 d6 15. exd6 Rxe1+ 16. Qxe1 Qxd6 17. Ne4 Qg6 18. Nh4 Qh5 19. g3 Bxh3 20. Kh2 g5 21. Nf6+ Kg7 22. Nxh5+ Kg8 23. Kxh3 gxh4 24. gxh4 Nc5 25. Qe5 Kf8 26. Re1 Re8 27. Qxe8# 1-0

[Event "RSA-ch U08"]
[Site "Bloemfontein"]
[Date "2016.03.24"]
[Round "9"]
[White "Geyser, Jacobus Marthinus"]
[Black "Sopanam Prabha, Arjun"]
[Result "0-1"]
[WhiteElo "688"]
[BlackElo "824"]
[PlyCount "25"]
[EventDate "2016.03.20"]
[EventType "swiss"]
[EventRounds "11"]
[EventCountry "RSA"]
[SourceTitle "CBM 171 Extra"]
[Source "ChessBase"]
[SourceDate "2016.04.26"]
[SourceVersion "1"]
[SourceVersionDate "2016.04.26"]
[SourceQuality "1"]

1. e4 e5 2. Nf3 Nc6 3. d4 exd4 4. Nxd4 Nxd4 5. Qxd4 d6 6. Bc4 Bg4 7. Qd5 Qd7 8. Qxb7 Rc8 9. Bb5 c6 10. Qxd7+ Kxd7 11. Bg5 Re8 12. Bc4 d5 13. 0-0 0-1

[Event "RSA-ch U08"]
[Site "Bloemfontein"]
[Date "2016.03.21"]
[Round "3"]
[White "Koning, Lehan"]
[Black "Geyser, Jacobus Marthinus"]
[Result "1/2-1/2"]
[WhiteElo "772"]
[BlackElo "688"]
[PlyCount "53"]
[EventDate "2016.03.20"]
[EventType "swiss"]
[EventRounds "11"]
[EventCountry "RSA"]
[SourceTitle "CBM 171 Extra"]
[Source "ChessBase"]
[SourceDate "2016.04.26"]
[SourceVersion "1"]
[SourceVersionDate "2016.04.26"]
[SourceQuality "1"]

1. e4 e5 2. Nf3 Nc6 3. Nc3 Bc5 4. Bb5 d6 5. d3 Bg4 6. Bg5 Nf6 7. 0-0 a6 8. Bxc6+ bxc6 9. h3 Bxf3 10. Qxf3 0-0 11. Bxf6 Qxf6 12. Qxf6 gxf6 13. Ne2 Rfb8 14. b3 Bd4 15. Rab1 d5 16. exd5 cxd5 17. Nxd4 exd4 18. Rbc1 Re8 19. c4 dxc4 20. bxc4 c5 21. Rfe1 Rxe1+ 22. Rxe1 Rb8 23. Re2 a5 24. a4 Rb4 25. Ra2 Rb1+ 26. Kh2 Rd1 27. Ra3 1/2-1/2